<?xml version="1.0" encoding="UTF-8"?>
<record
    xmlns:xsi="http://www.w3.org/2001/XMLSchema-instance"
    xsi:schemaLocation="http://www.loc.gov/MARC21/slim http://www.loc.gov/standards/marcxml/schema/MARC21slim.xsd"
    xmlns="http://www.loc.gov/MARC21/slim">

  <leader>01838nam a2200337 i 4500</leader>
  <controlfield tag="003">CO-MdUADB</controlfield>
  <controlfield tag="005">20251119100815.0</controlfield>
  <controlfield tag="007">ta</controlfield>
  <controlfield tag="008">240826s2022    mx ado|frf||| 001 0 spa d</controlfield>
  <datafield tag="020" ind1=" " ind2=" ">
    <subfield code="a">9786074488753</subfield>
  </datafield>
  <datafield tag="040" ind1=" " ind2=" ">
    <subfield code="a">CO-MdUADB</subfield>
    <subfield code="b">spa</subfield>
    <subfield code="c">CO-MdUADB</subfield>
    <subfield code="e">rda</subfield>
  </datafield>
  <datafield tag="041" ind1="0" ind2=" ">
    <subfield code="a">spa</subfield>
  </datafield>
  <datafield tag="060" ind1=" " ind2="4">
    <subfield code="a">WX218</subfield>
  </datafield>
  <datafield tag="245" ind1="0" ind2="0">
    <subfield code="a">Protocolos y procedimientos en el paciente cr&#xED;tico /</subfield>
    <subfield code="c">Pedro Guti&#xE9;rrez Lizardi y Pedro Guti&#xE9;rrez Jim&#xE9;nez</subfield>
  </datafield>
  <datafield tag="250" ind1=" " ind2=" ">
    <subfield code="a">2.&#xAA; edici&#xF3;n</subfield>
  </datafield>
  <datafield tag="264" ind1=" " ind2="1">
    <subfield code="a">Ciudad de M&#xE9;xico :</subfield>
    <subfield code="b">Editorial El Manual Moderno,</subfield>
    <subfield code="c">&#xA9;2022</subfield>
  </datafield>
  <datafield tag="300" ind1=" " ind2=" ">
    <subfield code="a">565 p&#xE1;ginas :</subfield>
    <subfield code="b">ilustraciones, tablas y fotograf&#xED;as</subfield>
  </datafield>
  <datafield tag="336" ind1=" " ind2=" ">
    <subfield code="2">rdacontent</subfield>
    <subfield code="a">texto</subfield>
    <subfield code="b">txt</subfield>
  </datafield>
  <datafield tag="337" ind1=" " ind2=" ">
    <subfield code="a">no mediado</subfield>
  </datafield>
  <datafield tag="338" ind1=" " ind2=" ">
    <subfield code="a">volumen</subfield>
  </datafield>
  <datafield tag="380" ind1=" " ind2=" ">
    <subfield code="2">dcs</subfield>
    <subfield code="a">Gu&#xED;a de estudio</subfield>
  </datafield>
  <datafield tag="500" ind1=" " ind2=" ">
    <subfield code="a">Incluye &#xED;ndice: pp. 555-565.</subfield>
  </datafield>
  <datafield tag="504" ind1=" " ind2=" ">
    <subfield code="a">Incluye referencias bibliogr&#xE1;ficas al final de cada cap&#xED;tulo.</subfield>
  </datafield>
  <datafield tag="520" ind1="3" ind2=" ">
    <subfield code="a">El desaf&#xED;o de la medicina en la unidad de cuidados intensivos (UCI) puede intimidar al estudiante, residente o profesional con experiencia; de ah&#xED; la importancia de saber tomar las decisiones correctas y acertadas para el adecuado manejo del paciente cr&#xED;tico. La obra protocolos y procedimientos en el paciente cr&#xED;tica, 2. edici&#xF3;n, contiene una serie de temas actualizados, aunado a esto, la pandemia por COVID-19 oblig&#xF3; a todo el personal de salud, especialmente a los que se desempe&#xF1;an en el &#xE1;rea de terapia intensiva, a actuar de manera r&#xE1;pida y precisa, ya que las UCI fueron el epicentro de atenci&#xF3;n a millones de contagiados.</subfield>
  </datafield>
  <datafield tag="650" ind1="1" ind2="7">
    <subfield code="a">Unidades de cuidados intensivos</subfield>
    <subfield code="2">dcs</subfield>
    <subfield code="9">864277</subfield>
  </datafield>
  <datafield tag="650" ind1="1" ind2="7">
    <subfield code="9">24106</subfield>
    <subfield code="a">Urgencias m&#xE9;dicas</subfield>
    <subfield code="2">dcs</subfield>
  </datafield>
  <datafield tag="650" ind1="1" ind2="7">
    <subfield code="a">Cuidados cr&#xED;ticos</subfield>
    <subfield code="2">dcs</subfield>
    <subfield code="9">17488</subfield>
  </datafield>
  <datafield tag="700" ind1="1" ind2=" ">
    <subfield code="9">552879</subfield>
    <subfield code="a">Guti&#xE9;rrez Lizardi, Pedro</subfield>
    <subfield code="e">edt</subfield>
  </datafield>
  <datafield tag="700" ind1="1" ind2=" ">
    <subfield code="9">455520</subfield>
    <subfield code="a">Guti&#xE9;rrez Jim&#xE9;nez, Pedro,</subfield>
    <subfield code="d">1943-2020</subfield>
    <subfield code="e">edt</subfield>
  </datafield>
  <datafield tag="942" ind1=" " ind2=" ">
    <subfield code="c">BOOKR</subfield>
    <subfield code="2">ddc</subfield>
  </datafield>
  <datafield tag="999" ind1=" " ind2=" ">
    <subfield code="c">859699</subfield>
    <subfield code="d">859699</subfield>
  </datafield>
  <datafield tag="952" ind1=" " ind2=" ">
    <subfield code="0">0</subfield>
    <subfield code="1">0</subfield>
    <subfield code="2">MES</subfield>
    <subfield code="4">0</subfield>
    <subfield code="7">0</subfield>
    <subfield code="8">GENERAL</subfield>
    <subfield code="a">BM</subfield>
    <subfield code="b">BM</subfield>
    <subfield code="d">2024-08-13</subfield>
    <subfield code="e">Compra: Librer&#xED;a Celsus</subfield>
    <subfield code="f">COMP</subfield>
    <subfield code="g">215200.00</subfield>
    <subfield code="l">0</subfield>
    <subfield code="o">WX218 P7-22</subfield>
    <subfield code="p">01110745</subfield>
    <subfield code="r">2025-09-03 16:16:26</subfield>
    <subfield code="w">2024-08-21</subfield>
    <subfield code="y">BOOKR</subfield>
  </datafield>
</record>
